00855cam a22002414a 450000100090000000300040000900500170001300800410003001000170007102000150008804000180010304200080012105000170012908200230014610000250016924501530019426000360034730000380038350400640042163000400048563000540052570000340057912070083OSt20210205114153.0000622s2001 nyuab b 001 0 eng  a 00057311  a0684869128 aDLCcDLCdDLC apcc00aBS621bF499B00a221.9/5221bF499B1 aFinkelstein, Israel.14aThe Bible unearthed :barchaeology's new vision of ancient Israel and the origin of its sacred texts /cIsrael Finkelstein and Neil Asher Silberman. aNew York :bFree Press,cc2001. ax, 385 p. :bill., maps ;c25 cm. aIncludes bibliographical references (p. 356-372) and index.00aBible.pOld TestamentxAntiquities.00aBible.pOld TestamentxEvidences, authority, etc.1 aSilberman, Neil Asher,d1950-